Statistics for Michael Jordan Quiz

Click here to take the quiz!

General Stats

  • This quiz has been taken 469 times
    (461 since last reset)
  • The average score is 3 of 10

Answer Stats

QuestionAnswer% Correct
In The 1984 Draft What Pick Was Michael Jordan?Three
85%
What Is His Middle Name?Jeffrey
66%
What Other Number Besides Number 45 And 23 Did He Wear In The NBA?Twelve
54%
What Was His Olympic Jersey Number At Los Angeles And Barcelona?Nine
52%
Who Was His Coach While At College?Dean Smith
20%
What City Did He Grow Up In?Wilmington
17%
What Is The Name Of His Older Brother?Larry
15%
What Did He Wear For Good Luck In Every Game?UNC Shorts
10%
What Are His Parents Names?James And Deloris
6%
Why Did He Choose 23 As His Jersey Number?Because Number 45 Was Taken
0%

Score Distribution

Percentile by Number Answered

Percent of People with Each Score

Your Score History

You have not taken this quiz since the last reset